| 000 | 00872nam a2200265 a 4500 | ||
|---|---|---|---|
| 001 | 9478 | ||
| 003 | CO-ViMGA | ||
| 008 | 141112s2004 ck r 000 u spa d | ||
| 020 | _a9589012531 | ||
| 040 |
_aCO-ViMGA _bspa _cCO-ViMGA |
||
| 082 | 0 | 4 | _a342.8603 L53c |
| 100 | 1 |
_aLLeras Restrepo ; Carlos, _910416 |
|
| 245 | 1 | 0 |
_a¿Constituyente o Congreso? : _bSelección y prólongo de Carlos Gutierrez Cuevas |
| 260 |
_aBogotá : _bNueva Frontera El Ancora Editores, _c1990 |
||
| 300 | _a310 p. 20cm | ||
| 590 | _aEjemplares : 2 | ||
| 650 | 1 | 4 |
_aCONSTITUYE Y REFORMAS _910417 |
| 650 | 1 | 4 | _aDESCENTRALIZACION ADMINISTRATIVA |
| 650 | 1 | 4 |
_aEL REFERENDO _910418 |
| 650 | 1 | 4 |
_aPLEBISCITO AL REFERENDUM _910419 |
| 650 | 1 | 4 |
_aREFORMA CONSITITUCIONAL O CONGRESO _910420 |
| 650 | 1 | 4 |
_aREFORMA CONSTITUCIONAL _910421 |
| 650 | 1 | 4 |
_aREFORMA CONSTITUCIONAL _910421 |
| 942 |
_2ddc _cBK |
||
| 999 |
_c20977 _d20977 |
||